Introducción a la contabilidad financiera (Registro nro. 2106)
[ vista simple ]
| 000 -LEADER | |
|---|---|
| fixed length control field | 01284 a2200217 4500 |
| 001 - CONTROL NUMBER | |
| control field | 30678 |
| 005 - DATE AND TIME OF LATEST TRANSACTION | |
| control field | 20260407155616.0 |
| 008 - FIXED-LENGTH DATA ELEMENTS--GENERAL INFORMATION | |
| fixed length control field | 260407a1980 arg spa d |
| 003 - CONTROL NUMBER IDENTIFIER | |
| control field | AR-UNSa-BCEJYS |
| 040 ## - CATALOGING SOURCE | |
| Original cataloging agency | AR-UNSa-BCEJYS |
| Language of cataloging | spa |
| Transcribing agency | AR-UNSa-BCEJYS |
| 080 ## - UNIVERSAL DECIMAL CLASSIFICATION NUMBER | |
| Universal Decimal Classification number | 657.41 |
| Common auxiliary subdivision | Contabilidad Financiera |
| 020 ## - INTERNATIONAL STANDARD BOOK NUMBER | |
| International Standard Book Number | 968-18-1174-7 |
| 100 1# - MAIN ENTRY--PERSONAL NAME | |
| Personal name | Mc Cullers, Levis |
| 245 10 - TITLE STATEMENT | |
| Title | Introducción a la contabilidad financiera |
| 264 #1 - PRODUCTION, PUBLICATION, DISTRIBUTION, MANUFACTURE, AND COPYRIGHT NOTICE | |
| Place of production, publication, distribution, manufacture | México : |
| Name of producer, publisher, distributor, manufacturer | Limusa |
| Date of production, publication, distribution, manufacture, or copyright notice | 1980 |
| 300 ## - PHYSICAL DESCRIPTION | |
| Extent | 467 p. |
| Dimensions | 23 cm. |
| 505 ## - FORMATTED CONTENTS NOTE | |
| Formatted contents note | Cap. I: Identificación, evaluación y comunicación de la información financiera - Cap. II: Los estados financieros: generalidades - Cap. III: Evaluación y registro de la información financiera - Cap. IV: Procesos de ajuste y cierre - Cap. V: El efectivo - Cap. VI: Cuentas por cobrar - Cap. VII: El inventario - Cap. VIII: Inversiones - Cap. IX: Activo fijo, activo intangible y recursos naturales - Cap. X: El pasivo - Cap. XI: Capital social -Cap. XII: Estado de cambios en la situaciuón financiera - Cap. XIII: Análisis de estados financieros - Cap. XIV: Origen de los principios de contabilidad. Problemas contemporáneos - Cap. XV: Contabilidad administrativa: generalidades |
| 590 ## - LOCAL NOTE (RLIN) | |
| Local note | niveau_biblio:m niveau_hierar:0 |
| 700 1# - ADDED ENTRY--PERSONAL NAME | |
| Personal name | Van Daniker, Relmond P. |
| 942 ## - ADDED ENTRY ELEMENTS (KOHA) | |
| Koha item type | |
| Withdrawn status | Lost status | Damaged status | Not for loan | Home library | Current library | Shelving location | Date acquired | Total checkouts | Full call number | Barcode | Date last seen | Price effective from | Koha item type |
|---|---|---|---|---|---|---|---|---|---|---|---|---|---|
| Biblioteca Prof. Eusebio Cleto del Rey | Biblioteca Prof. Eusebio Cleto del Rey | 07/04/2026 | 657.41 M478 | L33896 | 07/04/2026 | 07/04/2026 | Libro |